Transformácia výsledku hospodárenia právnických osôb na základ dane diplomová práca

Salvato in:
Dettagli Bibliografici
Autore principale: Pethöová, Petra
Ente Autore: Fakulta hospodárskej informatiky EU. Katedra účtovníctva a audítorstva
Altri autori: Vavrová, Katarína, 1960-
Natura: Libro
Lingua:slovacco
Pubblicazione: Bratislava 2018
Tags: Aggiungi Tag
Nessun Tag, puoi essere il primo ad aggiungerne!!

MARC

LEADER 00000nbm a2200000 4500
001 0243579
005 20181108092248.0
041 0 |a slo 
044 |a SK 
245 1 0 |a Transformácia výsledku hospodárenia právnických osôb na základ dane  |b diplomová práca  |c Petra Pethöová ; školiteľ: Katarína Vavrová 
264 1 |a Bratislava  |c 2018 
300 |a 54 s. 
100 1 |a Pethöová, Petra 
700 1 |a Vavrová, Katarína, 1960- 
710 2 |a Fakulta hospodárskej informatiky EU. Katedra účtovníctva a audítorstva